| 000 | 00513nam a2200181Ia 4500 | ||
|---|---|---|---|
| 003 | OSt | ||
| 005 | 20230511152133.0 | ||
| 008 | 210423s1990 xx 000 0 und d | ||
| 040 | _cAL | ||
| 041 | _aeng | ||
| 082 |
_a370 _223 _bSHAS |
||
| 100 |
_aSHSH (A B). _9103659 |
||
| 245 | _aSocial context of education essays in honour of jp naik. | ||
| 260 |
_aKottaym _bOxford University Press _c1990 |
||
| 365 |
_b75 _cINR |
||
| 906 | _acontext ; education ; essays ; honour ; jp ; naik. ; Social | ||
| 942 |
_2ddc _cBK |
||
| 999 |
_c172059 _d172059 |
||